LEADER 00928nam0 22002531i 450 001 RML0251904 005 20231121125710.0 010 $a8813197608 100 $a20121121d1996 ||||0itac50 ba 101 | $aita 102 $ait 181 1$6z01$ai $bxxxe 182 1$6z01$an 200 1 $aPer una costituzione federale dell'europa$elavori preparatori del comitato di studi presieduto da p.h.sp 210 $aPadova $cCedam $d1996 606 $aDiritto comunitario$2FIR$3RMLC005476$9I 801 3$aIT$bIT-01$c20121121 850 $aIT-FR0098 899 $aBiblioteca Area Giuridico Economica$bFR0098 912 $aRML0251904 950 0$aBiblioteca Area Giuridico Economica$d 53DSG 03/0520$e 53VM 0000227855 VM barcode:GIU0002128. - Inventario:3029VM$fA $h20010423$i20121204 977 $a 53 996 $aPer una costituzione federale dell'Europa$9657158 997 $aUNICAS